[Event "Gorges op 29th"]
[Site "Gorges"]
[Date "2019.07.06"]
[Round "2"]
[White "Valdman, Dmitry"]
[Black "Jousset, Jean Michel"]
[Result "0-1"]
[WhiteElo "1355"]
[BlackElo "1445"]
[PlyCount "74"]
[EventDate "2019.07.05"]
[EventType "swiss"]
[EventRounds "5"]
[EventCountry "FRA"]
[SourceTitle "EXT 2020"]
[Source "ChessBase"]
[SourceDate "2019.10.17"]
[SourceVersion "1"]
[SourceVersionDate "2019.10.17"]
[SourceQuality "1"]

1. e4 d6 2. d4 Nf6 3. Nc3 g6 4. Be3 Bg7 5. Qd2 0-0 6. f3 c6 7. 0-0-0 b5 8. Bh6 b4 9. Nce2 a5 10. Bxg7 Kxg7 11. Qe3 Qc7 12. Nf4 Na6 13. e5 Nd5 14. Nxd5 cxd5 15. h4 Bf5 16. Bd3 Bxd3 17. Rxd3 Rac8 18. c3 dxe5 19. h5 Rh8 20. Ne2 exd4 21. Qxd4+ e5 22. Qxd5 Rhd8 23. Qb5 Rxd3 24. Qxd3 Nc5 25. Qc2 Ne6 26. hxg6 hxg6 27. Qd2 Rh8 28. Rf1 bxc3 29. Nxc3 Rh2 30. Kb1 Nf4 31. Rg1 Qc5 32. Qe1 Qd4 33. Nb5 Qd3+ 34. Kc1 Qxb5 35. Rh1 Nd3+ 36. Kd2 Nxe1 37. Rxh2 Nxf3+ 0-1

[Event "Nantes op 8th"]
[Site "Nantes"]
[Date "2009.12.??"]
[Round "3"]
[White "Colin, Vincent"]
[Black "Jousset, Jean Michel"]
[Result "1-0"]
[WhiteElo "2425"]
[BlackElo "1410"]
[PlyCount "31"]
[EventDate "2009.12.??"]
[EventType "swiss"]
[EventRounds "9"]
[EventCountry "FRA"]
[SourceTitle "CBM 134 Extra"]
[Source "ChessBase"]
[SourceDate "2010.03.03"]
[SourceVersion "1"]
[SourceVersionDate "2010.03.03"]
[SourceQuality "1"]

1. e4 e5 2. Nf3 Nc6 3. Bc4 Bc5 4. c3 d6 5. d4 exd4 6. cxd4 Bb4+ 7. Nc3 Bg4 8. d5 Ne5 9. Qa4+ Qd7 10. Qxb4 Bxf3 11. gxf3 Rb8 12. Bb5 c6 13. Bxc6 Nxc6 14. dxc6 Qxc6 15. Bf4 Rc8 16. Rd1 1-0